Využívanie webu a Facebooku vo volebných kampaniach na Slovensku v rokoch 2009-2012

Využívanie a analýza webu a sociálnych médií v politických kampaniach na Slovensku.

Gespeichert in:
Bibliographische Detailangaben
1. Verfasser: Ondrášik, Branislav
Format: Buchkapitel
Sprache:Slowakisch
Schlagworte:
Tags: Tag hinzufügen
Keine Tags, Fügen Sie das erste Tag hinzu!

MARC

LEADER 00000naa a2200000 4500
001 0199832
005 20220726121036.3
041 0 |a slo 
044 |a SK 
245 1 0 |a Využívanie webu a Facebooku vo volebných kampaniach na Slovensku v rokoch 2009-2012  |c Branislav Ondrášik 
520 |a Využívanie a analýza webu a sociálnych médií v politických kampaniach na Slovensku. 
610 2 0 |a kampane volebné 
610 2 0 |a politika 
610 2 0 |a Slovensko 
610 2 0 |a siete sociálne 
610 2 0 |a stránky webové 
100 1 |a Ondrášik, Branislav